<?xml version="1.0" encoding="UTF-8"?>
<record
    xmlns:xsi="http://www.w3.org/2001/XMLSchema-instance"
    xsi:schemaLocation="http://www.loc.gov/MARC21/slim http://www.loc.gov/standards/marcxml/schema/MARC21slim.xsd"
    xmlns="http://www.loc.gov/MARC21/slim">

  <leader>01985nam0a2200361   4500</leader>
  <controlfield tag="001">RU\NLR\bibl\2080929</controlfield>
  <controlfield tag="005">20260407140158.0</controlfield>
  <datafield tag="020" ind1=" " ind2=" ">
    <subfield code="a">RU</subfield>
    <subfield code="b">131</subfield>
    <subfield code="9">&#x41B;&#x415;&#x41D;&#x418;&#x41D;&#x413;&#x420;&#x410;&#x414; &#x412; &#x412;&#x415;&#x41B;&#x418;&#x41A;&#x41E;&#x419; &#x41E;&#x422;&#x415;&#x427;&#x415;&#x421;&#x422;&#x412;&#x415;&#x41D;&#x41D;&#x41E;&#x419; &#x412;&#x41E;&#x419;&#x41D;&#x415;: &#x41F;&#x435;&#x447;&#x430;&#x442;&#x44C; &#x41B;&#x435;&#x43D;&#x438;&#x43D;&#x433;&#x440;&#x430;&#x434;&#x430;, 1941 - 1945: &#x43A;&#x430;&#x442;&#x430;&#x43B;&#x43E;&#x433; &#x438;&#x437;&#x434;&#x430;&#x43D;&#x438;&#x439;, &#x445;&#x440;&#x430;&#x43D;&#x44F;&#x449;&#x438;&#x445;&#x441;&#x44F; &#x432; &#x444;&#x43E;&#x43D;&#x434;&#x430;&#x445; &#x413;&#x43E;&#x441;&#x443;&#x434;&#x430;&#x440;&#x441;&#x442;&#x432;&#x435;&#x43D;&#x43D;&#x43E;&#x439; &#x41F;&#x443;&#x431;&#x43B;&#x438;&#x447;&#x43D;&#x43E;&#x439; &#x431;&#x438;&#x431;&#x43B;&#x438;&#x43E;&#x442;&#x435;&#x43A;&#x438;, &#x432;&#x44B;&#x43F;.2. &#x41B;&#x438;&#x441;&#x442;&#x43E;&#x432;&#x43A;&#x438;,&#x43F;&#x43B;&#x430;&#x43A;&#x430;&#x442;&#x44B;,&#x43E;&#x442;&#x43A;&#x440;&#x44B;&#x442;&#x43A;&#x438;,&#x430;&#x43B;&#x44C;&#x431;&#x43E;&#x43C;&#x44B;/&#x413;&#x43E;&#x441;.&#x43F;&#x443;&#x431;&#x43B;.&#x431;-&#x43A;&#x430; &#x438;&#x43C;.&#x41C;.&#x415;.&#x421;&#x430;&#x43B;&#x442;&#x44B;&#x43A;&#x43E;&#x432;&#x430;-&#x429;&#x435;&#x434;&#x440;&#x438;&#x43D;&#x430;. - &#x41B;&#x435;&#x43D;&#x438;&#x43D;&#x433;&#x440;&#x430;&#x434;,1972</subfield>
  </datafield>
  <datafield tag="035" ind1=" " ind2=" ">
    <subfield code="a">(NLR Aleph) 002065653</subfield>
  </datafield>
  <datafield tag="090" ind1=" " ind2=" ">
    <subfield code="a">4702182</subfield>
    <subfield code="c">4702182</subfield>
  </datafield>
  <datafield tag="100" ind1=" " ind2=" ">
    <subfield code="a">20250810              rusy50        </subfield>
  </datafield>
  <datafield tag="101" ind1="0" ind2=" ">
    <subfield code="a">rus</subfield>
  </datafield>
  <datafield tag="102" ind1=" " ind2=" ">
    <subfield code="a">RU</subfield>
  </datafield>
  <datafield tag="105" ind1=" " ind2=" ">
    <subfield code="a">y z |||||</subfield>
  </datafield>
  <datafield tag="200" ind1="1" ind2=" ">
    <subfield code="a">&#x411;&#x435;&#x440;&#x435;&#x437;&#x43E;&#x43D;&#x44C;&#x43A;&#x430;. "&#x42D;&#x445;, &#x441;&#x43A;&#x43E;&#x43B;&#x44C;&#x43A;&#x43E; &#x43F;&#x435;&#x441;&#x435;&#x43D; &#x43F;&#x435;&#x43B;&#x43E;&#x441;&#x44F;..."</subfield>
    <subfield code="e">[&#x41D;&#x43E;&#x442;&#x44B; &#x438; &#x442;&#x435;&#x43A;&#x441;&#x442; &#x43F;&#x435;&#x441;&#x43D;&#x438;]</subfield>
    <subfield code="f">&#x43C;&#x443;&#x437;&#x44B;&#x43A;&#x430; &#x41D;. &#x411;&#x443;&#x434;&#x430;&#x448;&#x43A;&#x438;&#x43D;&#x430;</subfield>
    <subfield code="g">&#x442;&#x435;&#x43A;&#x441;&#x442; &#x410;. &#x424;&#x438;&#x434;&#x440;&#x43E;&#x432;&#x441;&#x43A;&#x43E;&#x433;&#x43E;</subfield>
    <subfield code="g">&#x41F;&#x43E;&#x43B;&#x438;&#x442;. &#x443;&#x43F;&#x440;. &#x43A;&#x440;&#x430;&#x441;&#x43D;&#x43E;&#x437;&#x43D;&#x430;&#x43C;. &#x411;&#x430;&#x43B;&#x442;. &#x444;&#x43B;&#x43E;&#x442;&#x430;</subfield>
  </datafield>
  <datafield tag="210" ind1=" " ind2=" ">
    <subfield code="a">[&#x41B;&#x435;&#x43D;&#x438;&#x43D;&#x433;&#x440;&#x430;&#x434;]</subfield>
    <subfield code="c">2-&#x44F; &#x442;&#x438;&#x43F;&#x43E;-&#x43B;&#x438;&#x442;. &#x423;&#x412;&#x41C;&#x418;</subfield>
    <subfield code="d">1943, &#x430;&#x43F;&#x440;., 21</subfield>
  </datafield>
  <datafield tag="215" ind1=" " ind2=" ">
    <subfield code="a">4 &#x441;.</subfield>
    <subfield code="d">16&#x445;11</subfield>
  </datafield>
  <datafield tag="517" ind1="1" ind2=" ">
    <subfield code="a">&#x42D;&#x445;, &#x441;&#x43A;&#x43E;&#x43B;&#x44C;&#x43A;&#x43E; &#x43F;&#x435;&#x441;&#x435;&#x43D; &#x43F;&#x435;&#x43B;&#x43E;&#x441;&#x44F;...</subfield>
  </datafield>
  <datafield tag="517" ind1="1" ind2=" ">
    <subfield code="a">&#x41D;&#x43E;&#x442;&#x44B; &#x438; &#x442;&#x435;&#x43A;&#x441;&#x442; &#x43F;&#x435;&#x441;&#x43D;&#x438;</subfield>
  </datafield>
  <datafield tag="606" ind1="1" ind2=" ">
    <subfield code="a">&#x411;&#x43B;&#x43E;&#x43A;&#x430;&#x434;&#x430; &#x41B;&#x435;&#x43D;&#x438;&#x43D;&#x433;&#x440;&#x430;&#x434;&#x430;</subfield>
    <subfield code="j">&#x41B;&#x438;&#x441;&#x442;&#x43E;&#x432;&#x43A;&#x438;</subfield>
    <subfield code="z">1941 - 1944</subfield>
    <subfield code="9">2077679</subfield>
    <subfield code="3">RU\NLR\AUTH\661253360</subfield>
  </datafield>
  <datafield tag="686" ind1=" " ind2=" ">
    <subfield code="a">&#x429;319.41(2)</subfield>
  </datafield>
  <datafield tag="686" ind1=" " ind2=" ">
    <subfield code="a">&#x422;3(2)722.721,011</subfield>
  </datafield>
  <datafield tag="700" ind1=" " ind2="1">
    <subfield code="a">&#x411;&#x443;&#x434;&#x430;&#x448;&#x43A;&#x438;&#x43D;</subfield>
    <subfield code="b">&#x41D;. &#x41F;.</subfield>
    <subfield code="f">1910-1988</subfield>
    <subfield code="g">&#x41D;&#x438;&#x43A;&#x43E;&#x43B;&#x430;&#x439; &#x41F;&#x430;&#x432;&#x43B;&#x43E;&#x432;&#x438;&#x447;</subfield>
    <subfield code="4">070</subfield>
  </datafield>
  <datafield tag="702" ind1=" " ind2="1">
    <subfield code="a">&#x424;&#x438;&#x434;&#x440;&#x43E;&#x432;&#x441;&#x43A;&#x438;&#x439;</subfield>
    <subfield code="b">&#x410;.</subfield>
    <subfield code="g">&#x410;&#x43D;&#x430;&#x442;&#x43E;&#x43B;&#x438;&#x439;</subfield>
    <subfield code="4">570</subfield>
  </datafield>
  <datafield tag="712" ind1="0" ind2="2">
    <subfield code="4">570</subfield>
    <subfield code="a">&#x411;&#x430;&#x43B;&#x442;&#x438;&#x439;&#x441;&#x43A;&#x438;&#x439; &#x444;&#x43B;&#x43E;&#x442;</subfield>
    <subfield code="b">&#x41F;&#x43E;&#x43B;&#x438;&#x442;&#x438;&#x447;&#x435;&#x441;&#x43A;&#x43E;&#x435; &#x443;&#x43F;&#x440;&#x430;&#x432;&#x43B;&#x435;&#x43D;&#x438;&#x435;</subfield>
    <subfield code="3">RU\NLR\AUTH\8810005574</subfield>
    <subfield code="9">508529</subfield>
  </datafield>
  <datafield tag="801" ind1=" " ind2="0">
    <subfield code="a">RU</subfield>
    <subfield code="b">NLR</subfield>
    <subfield code="c">19720101</subfield>
    <subfield code="g">PSBO</subfield>
  </datafield>
  <datafield tag="801" ind1=" " ind2="1">
    <subfield code="a">RU</subfield>
    <subfield code="b">NLR</subfield>
    <subfield code="c">20131010</subfield>
    <subfield code="g">RCR</subfield>
  </datafield>
  <datafield tag="852" ind1=" " ind2=" ">
    <subfield code="a">NLR</subfield>
    <subfield code="b">&#x41B;3-350</subfield>
    <subfield code="j">3/22</subfield>
  </datafield>
  <datafield tag="942" ind1=" " ind2=" ">
    <subfield code="c">BOOK</subfield>
  </datafield>
  <datafield tag="945" ind1=" " ind2=" ">
    <subfield code="a">&#x420;&#x43E;&#x441;&#x441;&#x438;&#x439;&#x441;&#x43A;&#x430;&#x44F; &#x43D;&#x430;&#x446;&#x438;&#x43E;&#x43D;&#x430;&#x43B;&#x44C;&#x43D;&#x430;&#x44F; &#x431;&#x438;&#x431;&#x43B;&#x438;&#x43E;&#x442;&#x435;&#x43A;&#x430;</subfield>
  </datafield>
  <datafield tag="980" ind1=" " ind2=" ">
    <subfield code="a">NB</subfield>
  </datafield>
  <datafield tag="980" ind1=" " ind2=" ">
    <subfield code="a">BV</subfield>
  </datafield>
  <datafield tag="995" ind1=" " ind2=" ">
    <subfield code="5">2013-10-26</subfield>
    <subfield code="b">NLR02</subfield>
    <subfield code="c">NLR02</subfield>
    <subfield code="e">RFS</subfield>
    <subfield code="f">2065653-10</subfield>
    <subfield code="k">&#x41B;3-350 3/22</subfield>
    <subfield code="o">0</subfield>
    <subfield code="r">BOOK</subfield>
    <subfield code="s">3350_322</subfield>
  </datafield>
</record>
